00722cam a22001934a 4500008004100000020002200041100002000063245012600083260006700209300003300276440003300309504004100342650003400383650003400417650005000451003000100501005001700502040000900519  a0883857154 (hbk.)1 aGerdes, Paulus.10aGeometry from Africa :bmathematical and educational explorations. /cPaulus Gerdes, with a foreword by Arthur B. Powell. aWashington, DC :bMathematical Association of America,cc1999. axv, 210 p. :bill. ;c22 cm. aClassroom resource materials aIncludes bibliographical references. 0aGeometryxStudy and teaching. 0aArt in mathematics education. 0aDecoration and ornamentzAfrica, Sub-Saharan.20230123134115.0 cNUST